000 00525nam a22001697a 4500
005 20260227095002.0
008 260227b |||||||| |||| 00| 0 eng d
020 _a9781032773018 (pbk)
040 _cPK-LaUMT
082 _a004.678
_bAIO-
245 _aAIoT :
_bartificial intelligence of things /
_ceditedby Arun Sekar Rajasekaran, Fadi Al-Turjman, Suganyadevi S.
260 _aBoca Raton :
_bCRC Press,
_c2025
300 _a408 p.
650 _aInternet of thing
_99556
650 _aArtificial intelligence
942 _cBK
999 _c139928
_d139928